Pokémon - Attacken von Rattikarl in SD/LP - Statistiken

Allgemein
  • Dieses Quiz wurde 6 mal gespielt
  • Das Durchschnittsergebnis liegt bei 22 aus 57
Antwortstatistiken
Antwort % Korrekt
Biss
100%
Ruckzuckhieb
100%
Tackle
100%
Donner
83%
Donnerblitz
83%
Knirscher
83%
Risikotackle
83%
Rutenschlag
83%
Superzahn
83%
Blizzard
67%
Eisenschweif
67%
Eisstrahl
67%
Bodycheck
50%
Doppelteam
50%
Erholung
50%
Gewissheit
50%
Hyperstrahl
50%
Regentanz
50%
Schaufler
50%
Schutzschild
50%
Schwerttanz
50%
Sonnentag
50%
Tiefschlag
50%
Anziehung
33%
Donnerwelle
33%
Fassade
33%
Gigastoß
33%
Grimasse
33%
Kratzfurie
33%
Kreideschrei
33%
Matschbombe
33%
Raub
33%
Schockwelle
33%
Spukball
33%
Verhöhner
33%
Zerschneider
33%
Angeberei
17%
Brüller
17%
Energiefokus
17%
Flammenrad
17%
Kraftschub
17%
Ladestrahl
17%
Pflücker
17%
Schlafrede
17%
Stärke
17%
Strauchler
17%
Zertrümmerer
17%
Aufruhr
0%
Ausdauer
0%
Delegator
0%
Gegenschlag
0%
Konter
0%
Konzentration
0%
Notsituation
0%
Vergeltung
0%
Wagemut
0%
Zuflucht
0%
Keine übereinstimmenden Quizze gefunden
Verteilung der Resultate
Anzahl Personen mit jedem Resultat
Perzentil nach korrekt beantworteten Fragen
Ihre Resultats-Entwicklung
Sie haben dieses Quiz noch nicht gespielt